Community action for social change: (Record no. 3961)
[ view plain ]
| 000 -LEADER | |
|---|---|
| fixed length control field | 00843pam a2200253 4500 |
| 001 - CONTROL NUMBER | |
| control field | 4551559 |
| 003 - CONTROL NUMBER IDENTIFIER | |
| control field | OSt |
| 005 - DATE AND TIME OF LATEST TRANSACTION | |
| control field | 20230714085711.0 |
| 008 - FIXED-LENGTH DATA ELEMENTS--GENERAL INFORMATION | |
| fixed length control field | 731003s1974 nyu b 001 0 eng |
| 010 ## - LIBRARY OF CONGRESS CONTROL NUMBER | |
| LC control number | 72012972 |
| 040 ## - CATALOGING SOURCE | |
| Original cataloging agency | DLC |
| Transcribing agency | DLC |
| Modifying agency | DLC |
| 043 ## - GEOGRAPHIC AREA CODE | |
| Geographic area code | n-us--- |
| 082 00 - DEWEY DECIMAL CLASSIFICATION NUMBER | |
| Classification number | 362.9 |
| Item number | GRE |
| 100 1# - MAIN ENTRY--PERSONAL NAME | |
| Personal name | Greifer, Julian L. |
| 245 10 - TITLE STATEMENT | |
| Title | Community action for social change: |
| Remainder of title | a casebook of current projects, |
| Statement of responsibility, etc. | edited by Julian L. Greifer. |
| 260 ## - PUBLICATION, DISTRIBUTION, ETC. (IMPRINT) | |
| Place of publication, distribution, etc. | New York, |
| Name of publisher, distributor, etc. | Praeger |
| Date of publication, distribution, etc. | [1974] |
| 300 ## - PHYSICAL DESCRIPTION | |
| Extent | xxiv, 294 p. |
| Dimensions | 25 cm. |
| 490 0# - SERIES STATEMENT | |
| Series statement | Praeger special studies in U.S. economic, social, and political issues |
| 504 ## - BIBLIOGRAPHY, ETC. NOTE | |
| Bibliography, etc | Bibliography: p. 274-284. |
| 650 #0 - SUBJECT ADDED ENTRY--TOPICAL TERM | |
| Topical term or geographic name as entry element | Community development |
| Geographic subdivision | United States |
| General subdivision | Case studies. |
| 650 #0 - SUBJECT ADDED ENTRY--TOPICAL TERM | |
| Topical term or geographic name as entry element | Community organization |
| General subdivision | Case studies. |
| 906 ## - LOCAL DATA ELEMENT F, LDF (RLIN) | |
| a | 7 |
| b | cbc |
| c | orignew |
| d | 1 |
| e | ocip |
| f | 19 |
| g | y-gencatlg |
| 942 ## - ADDED ENTRY ELEMENTS (KOHA) | |
| Source of classification or shelving scheme | Dewey Decimal Classification |
| Koha item type | Books |
| Withdrawn status | Lost status | Source of classification or shelving scheme | Damaged status | Not for loan | Home library | Current library | Date acquired | Total Checkouts | Full call number | Barcode | Date last seen | Price effective from | Koha item type |
|---|---|---|---|---|---|---|---|---|---|---|---|---|---|
| Dewey Decimal Classification | County Hall Archives | County Hall Archives | 07/14/2023 | 362.9 GRE | 100001162 | 07/14/2023 | 07/14/2023 | Books |
